Capitalism for realists: Virtues and vices of the modern economy (Record no. 1224576)
[ view plain ]
| 000 -LEADER | |
|---|---|
| fixed length control field | 00680nam a2200229Ia 4500 |
| 005 - DATE AND TIME OF LATEST TRANSACTION | |
| control field | 20241129104132.0 |
| 008 - FIXED-LENGTH DATA ELEMENTS--GENERAL INFORMATION | |
| fixed length control field | 241129s9999||||xx |||||||||||||| ||und|| |
| 020 ## - INTERNATIONAL STANDARD BOOK NUMBER | |
| International Standard Book Number | 9781032305929 |
| 037 ## - SOURCE OF ACQUISITION | |
| Stock number | Textual |
| 040 ## - CATALOGING SOURCE | |
| Original cataloging agency | RTL |
| Language of cataloging | eng |
| Transcribing agency | RTL |
| 041 ## - LANGUAGE CODE | |
| Language code of text/sound track or separate title | eng |
| Source of code | eng |
| 084 ## - COLON CLASSIFICATION NUMBER | |
| Classification number | X:3L R3 |
| Assigning agency | RTL |
| 100 ## - MAIN ENTRY--PERSONAL NAME | |
| Personal name | Rutar Tibor |
| 9 (RLIN) | 724935 |
| 245 #0 - TITLE STATEMENT | |
| Title | Capitalism for realists: Virtues and vices of the modern economy |
| Statement of responsibility, etc. | Rutar Tibor |
| 260 ## - PUBLICATION, DISTRIBUTION, ETC. | |
| Place of publication, distribution, etc. | New York |
| Name of publisher, distributor, etc. | Routledge |
| Date of publication, distribution, etc. | 2023 |
| 300 ## - PHYSICAL DESCRIPTION | |
| Extent | ix,178p. |
| 365 ## - TRADE PRICE | |
| Price type code | INR |
| Price amount | 3539.24 |
| 490 ## - SERIES STATEMENT | |
| Series statement | Routledge Studies in Political Sociology. |
| 650 ## - SUBJECT ADDED ENTRY--TOPICAL TERM | |
| Topical term or geographic name entry element | Modern Capitalism |
| 9 (RLIN) | 724936 |
| 942 ## - ADDED ENTRY ELEMENTS (KOHA) | |
| Koha item type | Textbook |
| Classification part | X:3L R3 |
| Withdrawn status | Lost status | Damaged status | Not for loan | Home library | Current library | Date acquired | Source of acquisition | Cost, normal purchase price | Inventory number | Total Checkouts | Full call number | Barcode | Date last seen | Price effective from | Koha item type |
|---|---|---|---|---|---|---|---|---|---|---|---|---|---|---|---|
| Ratan Tata Library | Ratan Tata Library | 2024-11-29 | Segment Book Distributor | 3539.24 | 65477 & 07/02/2023 | X:3L R3 | RT1502512 | 2024-11-29 | 2024-11-29 | Textbook |
